LEADER 01152cas0S2200361--i450- 001 990007447520403321 011 $a0391-5247 020 $b68-5926 035 $a000744752 035 $aFED01000744752 035 $a(Aleph)000744752FED01 035 $a000744752 100 $a20030616a1957----km-y0itay50------ba 101 0 $aita 102 $aIT 105 $ay-------001yy 200 1 $aDizionario bibliografico delle riviste giuridiche italiane 2001$econ i sommari analitici$fdi Vincenzo Napoletano 207 1$a1957- 210 $aMilano$cGiuffrè$d1957- 215 $aXXX,962$d24 cm 300 $aAnnuale 300 $aDal 1996 a cura anche di Guido Napoletano. 430 1$12001$aDizionario bibliografico delle riviste giuridiche italiane su leggi vigenti 676 $a016.34$v20$1Bibliografie e cataloghi di diritto 702 1$aNapoletano,$bGuido 702 1$aNapoletano,$bVincenzo 801 0$aIT$bUNINA$gRICA$2UNIMARC 901 $aSE 912 $a990007447520403321 952 $aXXIII 3(41)$fDDCIC 959 $aDDCIC 996 $aDizionario bibliografico delle riviste giuridiche italiane 2001$9679012 997 $aUNINA LEADER 01365nam0-22004571i-450- 001 990001505790403321 005 20091130161635.0 010 $a88-503-2079-5 035 $a000150579 035 $aFED01000150579 035 $a(Aleph)000150579FED01 035 $a000150579 100 $a20030604d2003----km-y0itay50------ba 101 0 $aita 102 $aIT 105 $aa---a---001yy 200 1 $aFondamenti di comunicazione tecnico-scientifica$fEmilio Matricciani 210 $aMilano$cApogeo$dc2003 215 $aXIV, 367 p.$cill.$d24 cm 225 1 $aIdee & strumenti 610 0 $aTelecomunicazioni$aingegneria 610 0 $aPubblicazioni scientifiche$aCompilazione 676 $a621.382$v21 676 $a808.066 700 1$aMatricciani,$bEmilio$0352608 801 0$aIT$bUNINA$gRICA$2UNIMARC 901 $aBK 912 $a990001505790403321 952 $a621.382-MAT-1$b2754$fSC1 952 $a621.382-MAT-1A$b2755$fSC1 952 $a621.382-MAT-1B$b2756$fSC1 952 $a621.382-MAT-1C$b2757$fSC1 952 $a621.382-MAT-1D$b2758$fSC1 952 $a10 C 515$bDIS 4849$fDINEL 952 $a10 C 515/A$bDIS 4856$fDINEL 952 $a13 L 62 23$b14025$fFINBC 952 $a10 C 551$bDIEL 3171$fDINEL 959 $aSC1 959 $aFINBC 996 $aFondamenti di comunicazione tecnico-scientifica$9376869 997 $aUNINA